Estatísticas para Concelhos de Portugal

Clique aqui para jogar o quiz

Estatísticas Gerais

  • Esse quiz foi jogado 20 623 vezes
  • A pontuação média é 104 de 308

Respostas no mapa

Respostas codificadas por cores de uma escala verde-vermelha no mapa do quiz de acordo com a % correta abaixo.
 

Estatísticas das Respostas

Concelhos% Correto
Lisboa
92%
Porto
91%
Braga
82%
Faro
75%
Coimbra
74%
Setúbal
74%
Aveiro
72%
Bragança
72%
Leiria
71%
Beja
70%
Vila Real
70%
Cascais
68%
Castelo Branco
67%
Évora
67%
Viseu
67%
Guarda
66%
Santarém
66%
Sintra
66%
Viana do Castelo
66%
Portimão
64%
Guimarães
63%
Portel
63%
Amadora
62%
Vila Nova de Gaia
62%
Albufeira
60%
Almada
59%
Funchal
59%
Portalegre
58%
Figueira da Foz
55%
Matosinhos
54%
Mira
54%
Oeiras
54%
Chaves
53%
Lagos
53%
Nazaré
53%
Peniche
53%
Covilhã
52%
Vila Real de Santo António
51%
Sines
50%
Torres Vedras
50%
Loures
49%
Mafra
49%
Vila Franca de Xira
49%
Odivelas
48%
Barcelos
47%
Olhão
47%
Tavira
47%
Montijo
46%
Seixal
46%
Caldas da Rainha
45%
Espinho
45%
Maia
45%
Santa Maria da Feira
45%
Sesimbra
45%
Vila do Conde
45%
Barreiro
44%
Loulé
44%
Mirandela
44%
Alcácer do Sal
43%
Alcochete
43%
Ovar
43%
Penafiel
43%
Arouca
42%
Elvas
42%
Lousã
42%
Odemira
42%
Paredes
42%
Ponte de Lima
42%
Póvoa de Varzim
42%
Tomar
42%
Gondomar
41%
Óbidos
41%
Pombal
41%
Ponta Delgada
41%
Torres Novas
41%
Águeda
40%
Alcobaça
40%
Amarante
40%
Caminha
40%
Esposende
40%
Grândola
40%
Lagoa (Azores)
40%
Lagoa (Faro)
40%
Vizela
40%
Abrantes
39%
Montemor-o-Novo
39%
Porto Santo
39%
Tondela
39%
Manteigas
38%
Montemor-o-Velho
38%
Ourém
38%
Paços de Ferreira
38%
Peso da Régua
38%
Vila Nova de Famalicão
38%
Fafe
37%
Lamego
37%
Lourinhã
37%
Monchique
37%
Seia
37%
Batalha
36%
Corvo
36%
Ílhavo
36%
Moura
36%
Oliveira do Hospital
36%
Palmela
36%
Silves
36%
Aljezur
35%
Ferreira do Alentejo
35%
Fundão
35%
Miranda do Douro
35%
Oliveira de Azeméis
35%
Pedrógão Grande
35%
Santo Tirso
35%
Trofa
35%
Valença
35%
Alenquer
34%
Almeirim
34%
Angra do Heroismo
34%
Entroncamento
34%
Felgueiras
34%
Marinha Grande
34%
Moita
34%
Castro Marim
33%
Cuba
33%
Estremoz
33%
Monção
33%
Montalegre
33%
São João da Madeira
33%
Vila Verde
33%
Cantanhede
32%
Mealhada
32%
Valongo
32%
Aljustrel
31%
Anadia
31%
Idanha-a-Nova
31%
Lousada
31%
Melgaço
31%
Santiago do Cacém
31%
Sertã
31%
Vila do Bispo
31%
Arcos de Valdevez
30%
Azambuja
30%
Castro Daire
30%
Estarreja
30%
Freixo de Espada à Cinta
30%
Mértola
30%
Paredes de Coura
30%
Penacova
30%
Ponte da Barca
30%
Rio Maior
30%
Almeida
29%
Almodôvar
29%
Arruda dos Vinhos
29%
Baião
29%
Bombarral
29%
Cartaxo
29%
Castro Verde
29%
Celorico de Basto
29%
Coruche
29%
Gouveia
29%
Macedo de Cavaleiros
29%
Marco de Canaveses
29%
Pinhel
29%
Serpa
29%
Vila Nova de Cerveira
29%
Albergaria-a-Velha
28%
Benavente
28%
Castelo de Paiva
28%
Condeixa-a-Nova
28%
Miranda do Corvo
28%
Ourique
28%
Ponte de Sor
28%
Santa Comba Dão
28%
Vendas Novas
28%
Alcoutim
27%
Belmonte
27%
Campo Maior
27%
Ferreira do Zêzere
27%
Horta
27%
Mangualde
27%
Mora
27%
Oliveira do Bairro
27%
Reguengos de Monsaraz
27%
Sabugal
27%
São Pedro do Sul
27%
Tábua
27%
Vila Nova de Foz Côa
27%
Barrancos
26%
Cabeceiras de Basto
26%
Castelo de Vide
26%
Celorico da Beira
26%
Golegã
26%
Mondim de Basto
26%
Nelas
26%
Nisa
26%
Porto de Mós
26%
Póvoa de Lanhoso
26%
Vila Viçosa
26%
Amares
25%
Arganil
25%
Arraiolos
25%
Borba
25%
Cadaval
25%
Cinfães
25%
Figueiró dos Vinhos
25%
Marvão
25%
Salvaterra de Magos
25%
Trancoso
25%
Vila Pouca de Aguiar
25%
Vouzela
25%
Alijó
24%
Calheta (Azores)
24%
Calheta (Madeira)
24%
Câmara de Lobos
24%
Castanheira de Pera
24%
Mortágua
24%
Mourão
24%
Santa Cruz
24%
São Brás de Alportel
24%
Terras de Bouro
24%
Vagos
24%
Vieira do Minho
24%
Vinhais
24%
Alcanena
23%
Avis
23%
Boticas
23%
Góis
23%
Machico
23%
Mogadouro
23%
Pampilhosa da Serra
23%
Penamacor
23%
Resende
23%
Sobral de Monte Agraço
23%
Soure
23%
Viana do Alentejo
23%
Vila de Rei
23%
Vila Flor
23%
Vila Velha de Ródão
23%
Aguiar da Beira
22%
Alfândega da Fé
22%
Alpiarça
22%
Alvito
22%
Chamusca
22%
Constância
22%
Crato
22%
Figueira de Castelo Rodrigo
22%
Mação
22%
Mêda
22%
Moimenta da Beira
22%
Murça
22%
Murtosa
22%
Sever do Vouga
22%
Torre de Moncorvo
22%
Valpaços
22%
Vimioso
22%
Alandroal
21%
Alvaiázere
21%
Ansião
21%
Carrazeda de Ansiães
21%
Carregal do Sal
21%
Fronteira
21%
Oleiros
21%
Oliveira de Frades
21%
Penela
21%
Proença-a-Nova
21%
Redondo
21%
Santana
21%
Sátão
21%
Sousel
21%
Vale de Cambra
21%
Vidigueira
21%
Vila Nova da Barquinha
21%
Alter do Chão
20%
Armamar
20%
Gavião
20%
Mesão Frio
20%
Monforte
20%
Porto Moniz
20%
São João da Pesqueira
20%
Tarouca
20%
Ribeira Grande
19%
Sabrosa
19%
Sernancelhe
19%
Tabuaço
19%
Vila Nova de Poiares
19%
Arronches
18%
Fornos de Algodres
18%
Madalena
18%
Penalva do Castelo
18%
Ponta do Sol
18%
Ribeira de Pena
18%
Santa Marta de Penaguião
18%
São Vicente
18%
Sardoal
18%
Lajes do Pico
17%
Nordeste
17%
Penedono
17%
Praia da Vitória
17%
Ribeira Brava
17%
Vila Nova de Paiva
17%
Lajes das Flores
16%
Velas
16%
Vila Franca do Campo
16%
Povoação
15%
Santa Cruz das Flores
15%
Santa Cruz da Graciosa
14%
Vila do Porto
14%
São Roque do Pico
13%

Distribuição das Pontuações

Percentil de Números Respondidos

Porcentagem de Pessoas com Cada Pontuação

Sua Pontuação Histórica

Você não jogou esse quiz